| 000 | 00822nas a2200265Ia 4500 | ||
|---|---|---|---|
| 001 | A04/R040-43250 | ||
| 003 | IT-MiCISF | ||
| 008 | 161014c99999999xx |||||||||||| ||und|| | ||
| 040 |
_aIT-MiCISF _cIT-MiCISF |
||
| 041 | _aITALIANO | ||
| 100 | _aBrombo Pierluigi | ||
| 210 | _aStudi Zancan | ||
| 222 | _aStudi Zancan | ||
| 245 | 0 | _aL'integrazione scolastica dei minori immigrati: la situazione in Europa | |
| 250 | _a1a ed. | ||
| 260 | _c2006 | ||
| 501 |
_bCISF - Centro Internazionale Studi Famiglia - Via Giotto, 36 20145 MILANO (non commercial uses only) _cCopyright 2016 |
||
| 300 | _app. 11-31 | ||
| 362 | _an. 5 [2006] | ||
| 500 | _a Tema: educazione-bambini, scuola, diritti-bambino, comparazione | ||
| 650 |
_aSCUOLA _vindagine |
||
| 700 | _aAA.VV. | ||
| 942 | _cCR | ||
| 957 | _71 | ||
| 999 |
_a43250 _bSi _g1 _c242689 _d242689 |
||